| 000 | 00544nam a2200181Ia 4500 | ||
|---|---|---|---|
| 008 | 220216s9999 xx 000 0 und d | ||
| 100 | _aPeries O S | ||
| 245 | 0 | _aField evaluations of methods for the control of white root disease (Fomes Lignosus) of Hevea | |
| 260 |
_bRubber Research Institute of Ceylon Quarterly Journal _c1963 |
||
| 300 | _a15-Sep | ||
| 650 | _aField evaluation | ||
| 650 | _aFomes lignosus | ||
| 650 | _aHevea | ||
| 650 | _aWhite root disease | ||
| 700 | _aFernando T M | ||
| 700 | _aSamaraweera S K | ||
| 942 | _cJS | ||
| 999 |
_c59384 _d59384 |
||